| 000 | 01864nam a22001577a 4500 | ||
|---|---|---|---|
| 041 | _aukr | ||
| 080 | _a09 | ||
| 090 | _bЗАС | ||
| 100 | _aЗаслонкіна Н.В. | ||
| 245 | _aПорівняння контекстної реалізації лексико-семантичного поля "побут" у творах Дж.Лондона та Дж.Голсуорсі | ||
| 260 |
_aОстрог _bКАФ _c2007 |
||
| 300 | _a73 | ||
| 520 |
_aВступ.
Розділ 1. Поняття "семантичне поле" та його особливості.
1.1. Визначення "семантичного поля" та його характерних властивостей.
1.2. Ієрархічна будова поля.
1.3. Найпоширеніші типи семантичних полів.
Розділ 2. Лексичний корпус семантичного поля "побут".
2.1. Побут як соціальна категорія.
2.2. Семантичне підполе іменників, які позначають предмети побуту.
2.2.1. Семантичний аналіз підкласу предметних іменників.
2.2.2. Семантичний обєм підкласу матеріальних іменників.
2.3. Номінативні одиниці для позначення предметів повсякденного вжитку.
Розділ 3. Порівняння контекстної реалізації лексико-семантичного поля "побут" у творах Д.Голсуорсі "Сага про Форсайтів" та Д.Лондона "Мартін Іден" та "Північні оповідання".
Висновки. _0семантичне поле, побут, семантика |
||
| 650 | _aResearch Papers | ||
| 999 |
_c283987 _d283987 |
||
| 942 | _cBK | ||